000 00763nam a2200229 a 4500
001 48528
003 BD-RjUL
005 20211209054535.0
008 160814s1973 bg ||||| |||| 00| 0 ben d
020 _c:TK. 4.00
035 _a(BD-RjUL)48647
040 _aBD-RjUL
_bben
_cBD-RjUL
041 _aben
082 _223
_a891.441
_bMIZ 1973
100 1 _a মিত্র, হরপ্রসাদ
_9144026
245 1 0 _aঝাউয়ের শব্দ /
_cহরপ্রসাদ মিত্র
260 _aকলিকাতা :
_bজ্যোতি প্রকাশন,
_c১৯৭৩
300 _a৬৯ পৃ ;
_c২১ সেমি.
650 _aবাংলা
_9144027
_v কবিতা
650 _aBengali
_9144028
_vpoem
942 _2ddc
_cBK
999 _c48528
_d48528